Plant protection of the results of R&D. Occasional paper. 11 (Record no. 44131)
[ view plain ]
| 000 -LEADER | |
|---|---|
| fixed length control field | 00271nam a2200097Ia 4500 |
| 100 ## - MAIN ENTRY--AUTHOR NAME | |
| Personal name | Subbaram, N R |
| 245 #0 - TITLE STATEMENT | |
| Title | Plant protection of the results of R&D. Occasional paper. 11 |
| 260 ## - PUBLICATION, DISTRIBUTION, ETC. (IMPRINT) | |
| Place of publication | Mumbai |
| Name of publisher | NABARD |
| Year of publication | 2000 |
| 942 ## - ADDED ENTRY ELEMENTS (KOHA) | |
| Koha item type | Books |
| Withdrawn status | Lost status | Damaged status | Not for loan | Home library | Current library | Date acquired | Source of acquisition | Accession Number | Koha item type |
|---|---|---|---|---|---|---|---|---|---|
| RRII Library | RRII Library | 16/12/2021 | Gift | G00879 | Books |